000 00928nam a22003377a 4500
001 0011813
003 DO-SdBNP
005 20180213152803.0
007 0011813
008 161123b 1993 sp a 00| 0 spa d
016 7 _a
017 _a
_b
020 _a8434808633
035 _a
040 _aBPMSU
_bspa
_cBPMSU
_e
080 _a
082 _axxxxxxxx
_bxxxxxxxx
100 1 _aMuñoz Martín, Juan
245 1 0 _aFray Perico y su borrico /
_cJuan Muñoz Martín ; ilustraciones y cubierta, Antonio Tello
_h
250 _a20a ed.
260 _aMadrid :
_bSM,
_c1993.
300 _a124 p. :
_bil.,
_c19 cm.
490 0 _aEl barco de vapor.
_v3
586 _aPremio El barco de vapor
700 1 _aTello, Antonio,
_eil.
830 _aEl barco de vapor.
942 _2ddc
_cBK
945 _aInventariado, 2018 / YL
956 _aVMATEO
_210
_320151130
_6BPSMU
_800151
956 _aBTAVÁREZ
_210
_320161123
_60011813
999 _c12061
_d12061